Zöld értékteremtés az ingatlanpiacon ESG megfelelés pénzügyi hatásainak vizsgálata fejlesztéstől üzemeltetésig

Bibliographic Details
Main Author: Kovács Alexandra
Other Authors: Hegedűs Dr. Szilárd
Format: Students’ Scientific Association paper
Kulcsszavak:ágazati sajátosság(ok)
gazdasági környezet
ingatlan
ingatlanpiac
környezetvédelmi pénzügyek
Online Access:http://dolgozattar.uni-bge.hu/60476

MARC

LEADER 00000nta a2200000 i 4500
001 dolg60476
005 20260416073752.0
008 260416suuuu hu o 000 hun d
040 |a BGE Dolgozattár Repozitórium  |b hun 
041 |a hu 
100 1 |a Kovács Alexandra 
245 1 0 |a Zöld értékteremtés az ingatlanpiacon  |b ESG megfelelés pénzügyi hatásainak vizsgálata fejlesztéstől üzemeltetésig  |c Kovács Alexandra  |h [elektronikus dokumentum] 
516 |a Students_Scientific_Association_paper 
520 3 |a Kutatásomban azt vizsgálom, hogy az ESG szempontok integrációja milyen mechanizmusokon és pénzügyi csatornákon keresztül teremt tényleges gazdasági értéket az ingatlanfejlesztési projektek teljes életciklusa során. A téma gyakorlati aktualitása abból fakad, hogy generálkivitelezésben és ingatlanüzemeltetésben szerzett szakmai tapasztalataim alapján az ESG ma már messze túlmutat a puszta kommunikációs vagy reputációs eszköz szerepén, hiszen a piac egyre inkább pénzügyi kockázati és versenyképességi tényezőként kezeli. A releváns szakirodalom három fő értékteremtő hatásmechanizmust különít el. 1. Az értékelési csatorna, amely a piaci értékeltségben, hozamelvárásban és a befektetői kereslet szerkezetében jelenik meg. 2. A működési csatorna, amely a bérleti teljesítményen, kihasználtsági arányokon, üzemeltetési költségeken és hosszú távú kockázati profil alakulásán keresztül fejti ki hatását. 3. A finanszírozási csatorna, amely a tőkeköltség, a finanszírozáshoz való hozzáférés feltételei és a beépülő kockázati prémiumban tőkésül. E három dimenzió együttesen magyarázza a szakirodalomban leírt „zöld prémium” és „barna diszkont” jelenségét, amelyet számos nemzetközi empirikus kutatás is alátámaszt (Friede, Busch & Bassen, 2015; Zheng & Lee, 2025). Módszertanilag kevert megközelítést alkalmazok. A kvantitatív szakaszban benchmarking elemzést végzek, amely során zöld minősítéssel rendelkező ingatlanok teljesítményét hasonlítom össze hagyományos referenciaépületekével, továbbá ESG jelentéssel rendelkező nagyvállalatok pénzügyi eredményességét vizsgálom az ESG integráció mélysége szerint. Ennek célja, hogy empirikus módon feltárjam, az eltérő ESG teljesítmény miként tükröződik a hozamokban, a kockázati profilban és végső soron a vállalatértékben. A kvalitatív szakaszban félig strukturált interjúkat készítettem fejlesztők, kivitelezők, üzemeltetők és finanszírozók bevonásával, annak érdekében, hogy feltárjam a mögöttes döntési logikát, a kockázati megfontolásokat és a piaci percepciót meghatározó tényezőket. Dolgozatom újszerűsége abban ragadható meg, hogy az ESG hatást nem aggregált vállalati, hanem konkrét projektszinten vizsgálom, így olyan empirikus kutatást kívánok bemutatni, amely a magyar szakirodalomban jelenleg még hiányzik. Ezzel szeretném alátámasztani, hogy az ESG integráció nem csupán megfelelési kötelezettség, hanem a fenntartható ingatlanfejlesztésen keresztül valódi, mérhető pénzügyi értékteremtést és tartós versenyelőnyt biztosító stratégiai eszköz. 
695 |a ágazati sajátosság(ok) 
695 |a gazdasági környezet 
695 |a ingatlan 
695 |a ingatlanpiac 
695 |a környezetvédelmi pénzügyek 
700 1 |a Hegedűs Dr. Szilárd  |e ths 
856 4 0 |u http://dolgozattar.uni-bge.hu/60476/1/Kov%C3%A1cs%20Alexandra_U9KHA1_P%C3%9C_TDK.pdf  |z Dokumentum-elérés 
856 4 0 |u http://dolgozattar.uni-bge.hu/60476/2/01_rezume_sablon_2025_HU.docx  |z Dokumentum-elérés 
856 4 0 |u http://dolgozattar.uni-bge.hu/60476/3/Kovacs_Alexandra.pdf  |z Dokumentum-elérés 
856 4 0 |u http://dolgozattar.uni-bge.hu/60476/4/Kov%C3%A1cs%20Alexandra_b%C3%ADr%C3%A1lat.pdf  |z Dokumentum-elérés